000 005050000a22001570004500
090 _aAR
_b02208
245 1 0 _aDescripción dentrológica de algunas especies arboreas de la región de Urabá, Antioquia
650 1 4 _aInventarios de vegetación
_993148
650 1 4 _aDendrología
_93762
650 1 4 _aArboles dicotiledoneos
_995714
651 4 _lUraba
_dAntioquia
_pColombia
_992749
041 0 _aEspañol
100 1 _aMorales Soto, León
_939355
942 _cARTICULO
773 1 _tTesis
_3103
_q107-113
_d1996?
999 _c11280
_d11280